| 000 | 00363nam a22001571a 4500 | ||
|---|---|---|---|
| 020 | _a9788170556978 | ||
| 082 |
_aH1 _bBIN/U |
||
| 100 | _aBindu Agarwal | ||
| 245 |
_aUrwar pradesh/ _cby Bindu Agarwal |
||
| 260 |
_aNew Delhi: _bVani, _c1999. |
||
| 300 | _a144p. | ||
| 650 | _aPoetry Hindi | ||
| 650 | _aLiterature Hindi | ||
| 650 | _aLiterature | ||
| 942 | _cBK | ||
| 999 |
_c48433 _d48433 |
||